Baghdād fī ʻahd al-khilāfah al-ʻAbbāsīyah /

محفوظ في:

المؤلف الرئيسي: Le Strange, G. 1854-1933 (مؤلف)

مؤلفون آخرون: Fransīs, Bashīr.

التنسيق: كتاب

اللغة: Arabic
Undetermined

منشور في: [Baghdād : al-Maṭbaʻah al-ʻArabīyah], 1936.

الطبعة: Al-Ṭabʻah 1.

الموضوعات:

الوسوم: إضافة وسم

لا توجد وسوم, كن أول من يضع وسما على هذه التسجيلة!

رقم الطلب: DS51 .B3 L413 1936

LEADER 01191nam a2200253Ia 4500
003 OSt
005 20230329070212.0
008 130303s1936 iq g 000 0 ara d
952 |0 0  |1 0  |2 lcc  |4 0  |6 DS0051 B3 L413 01936  |7 1  |9 45859  |a ARCE  |b ARCE  |d 2023-03-29  |l 0  |o DS51 .B3 L413 1936  |p 1025265  |r 2023-03-29 00:00:00  |w 2023-03-29  |y BK 
999 |c 24935  |d 24935 
040 |c ARCE Library 
041 1 |a ara  |h und 
043 |a a-iq---- 
050 4 |a DS51 .B3 L413 1936 
100 1 |a Le Strange, G.  |q (Guy),  |d 1854-1933,  |e author 
245 1 0 |6 880-01  |a Baghdād fī ʻahd al-khilāfah al-ʻAbbāsīyah /   |c Taʼlīf ghi luidsitin ؛ tarjamat Bashīr Yūsuf Fransīs.‪‪‪‪‪‪‪‪‪‪‪‪‪‪‪‪‪‪‪‪‪‪‪‪‪‪ 
250 |a Al-Ṭabʻah 1. 
264 1 |a [Baghdād :   |b al-Maṭbaʻah al-ʻArabīyah],   |c 1936. 
300 |a 320 pages ;   |c 26 cm. 
651 0 |a Iraq  |x History. 
700 1 |a Fransīs, Bashīr. 
880 1 0 |6 245-01/(3/r  |a بغداد في عهد الخلافة العباسية   |c تأليف غي لسترانج ؛ ترجمة بشير يوسف فرنسيس.‪‪‪‪‪‪‪‪‪‪‪‪‪‪‪‪‪‪‪‪‪‪‪‪‪‪ 
901 |a reviewed 
942 |c BK  |2 lcc